| 000 | 00552nam a22001817a 4500 | ||
|---|---|---|---|
| 005 | 20240521085820.0 | ||
| 008 | 240521b |||||||| |||| 00| 0 eng d | ||
| 020 | _a978-1-921965-93-7 | ||
| 082 |
_a107 _bMIL-P |
||
| 100 | _aMillett; Stephan | ||
| 245 |
_aPhilosophy and Ethics/ _bA resource for year 11 General/ _cStephan Millett |
||
| 250 | _a1st ed. | ||
| 260 |
_aWestern Australia; _bImpact Publishing; _c2015 |
||
| 300 |
_aiv, 166 p.: _bill.; _c29.5 cm. |
||
| 650 | _aPhilosophy and Psychology/Philosophy | ||
| 700 | _aAlan Tapper | ||
| 999 |
_c35794 _d35794 |
||